[Event "RUS-ch Seniors"]
[Site "Odintsovo"]
[Date "2011.04.19"]
[Round "1"]
[White "Artyushikhin, Valentin"]
[Black "Kuritsin, Vasily M"]
[Result "1-0"]
[WhiteElo "2274"]
[BlackElo "2015"]
[PlyCount "79"]
[EventDate "2011.04.19"]
[EventType "swiss"]
[EventRounds "9"]
[EventCountry "RUS"]
[SourceTitle "CBM 142 Extra"]
[Source "ChessBase"]
[SourceDate "2011.06.27"]
[SourceVersion "1"]
[SourceVersionDate "2011.06.27"]
[SourceQuality "1"]

1. e4 e5 2. Nf3 Nc6 3. Bc4 f5 4. d3 d6 5. Nc3 f4 6. d4 Be7 7. Bb5 Bf6 8. d5 a6 9. Ba4 b5 10. Nxb5 axb5 11. Bxb5 Nge7 12. dxc6 Be6 13. a4 Qb8 14. Qe2 Qb6 15. Bd2 Rb8 16. c4 0-0 17. a5 Qa7 18. Qd1 g5 19. h3 Qa8 20. Qa4 h5 21. Bc3 Qa7 22. Qd1 Kg7 23. Nd2 g4 24. hxg4 hxg4 25. Qe2 Rh8 26. 0-0-0 Ng6 27. f3 g3 28. Rxh8 Rxh8 29. Nf1 Rh1 30. Kc2 Rh8 31. b4 Nh4 32. Ba4 Kf7 33. b5 Rb8 34. Bb3 Qc5 35. a6 Be7 36. Rd2 Qa3 37. Bb2 Qc5 38. Bc3 Qa3 39. Qd3 Rb6 40. Bb2 1-0

[Event "RUS-ch Seniors"]
[Site "Lesnoj Gorodok"]
[Date "2009.10.11"]
[Round "9"]
[White "Kuritsin, Vasily M"]
[Black "Stoletov, Gennadi"]
[Result "1/2-1/2"]
[WhiteElo "2070"]
[BlackElo "2280"]
[PlyCount "52"]
[EventDate "2009.10.03"]
[EventType "swiss"]
[EventRounds "9"]
[EventCountry "RUS"]
[SourceTitle "CBM 132 Extra"]
[Source "ChessBase"]
[SourceDate "2009.11.03"]
[SourceVersion "1"]
[SourceVersionDate "2009.11.03"]
[SourceQuality "1"]

1. e4 d5 2. exd5 Qxd5 3. d4 Nf6 4. Nf3 g6 5. Nc3 Qd6 6. h3 Bg7 7. Be3 a6 8. Qd2 b5 9. a3 Bb7 10. Be2 Nbd7 11. 0-0 0-0 12. Ng5 Rad8 13. Bf3 Bxf3 14. Nxf3 Nb6 15. Bf4 Qc6 16. b3 Nbd5 17. Nxd5 Nxd5 18. Rac1 Nxf4 19. Qxf4 Qd6 20. Qxd6 Rxd6 21. c3 Rfd8 22. Rfe1 Kf8 23. Rc2 Rc6 24. Rcc1 Rcd6 25. Kf1 c6 26. b4 Ra8 1/2-1/2

[Event "Anapa op"]
[Site "Anapa"]
[Date "2009.09.05"]
[Round "6"]
[White "Kuritsin, Vasily M"]
[Black "Khafizova, Yana"]
[Result "1-0"]
[WhiteElo "2070"]
[BlackElo "1911"]
[PlyCount "99"]
[EventDate "2009.08.31"]
[EventType "swiss"]
[EventRounds "9"]
[EventCountry "RUS"]
[SourceTitle "CBM 132 Extra"]
[Source "ChessBase"]
[SourceDate "2009.11.03"]
[SourceVersion "1"]
[SourceVersionDate "2009.11.03"]
[SourceQuality "1"]

1. e4 e5 2. Nc3 Nf6 3. g3 d5 4. Qe2 d4 5. Nd1 Nc6 6. d3 Be6 7. a3 Be7 8. Bg2 Qd7 9. f3 h6 10. Nf2 0-0-0 11. f4 g6 12. Nf3 Ng4 13. fxe5 Ngxe5 14. Nxe5 Nxe5 15. Bf4 f6 16. h3 g5 17. Bd2 Qb5 18. Bc1 Bd6 19. 0-0 Ng6 20. Kh2 Qe5 21. Nh1 h5 22. c3 h4 23. cxd4 hxg3+ 24. Kg1 Qxd4+ 25. Be3 Qa4 26. Rxf6 Qe8 27. Bxg5 Rd7 28. d4 Bxh3 29. Bxh3 Rxh3 30. Qg4 Qh8 31. Qf3 Rdh7 32. Qg4+ Kb8 33. Kg2 Nf4+ 34. Bxf4 Rh2+ 35. Kf3 Qxf6 36. e5 Qg7 37. Qxg7 Rxg7 38. exd6 cxd6 39. Bxd6+ Kc8 40. Nxg3 Kd7 41. Be5 Rf7+ 42. Ke4 Rxb2 43. Kd5 a6 44. a4 Rc2 45. Ne4 Rf5 46. Rb1 Ra2 47. Rxb7+ Kd8 48. Ke6 Rxe5+ 49. dxe5 Rxa4 50. Nd6 1-0

[Event "Moscow op-D (Seniors)"]
[Site "Moscow"]
[Date "2009.02.07"]
[Round "9.36"]
[White "Kuritsin, Vasily M"]
[Black "Sorokin, Adones"]
[Result "0-1"]
[WhiteElo "2054"]
[BlackElo "1973"]
[PlyCount "102"]
[EventDate "2009.01.30"]
[EventType "swiss"]
[EventRounds "9"]
[EventCountry "RUS"]
[SourceTitle "EXT 2023"]
[Source "ChessBase"]
[SourceDate "2022.10.05"]
[SourceVersion "1"]
[SourceVersionDate "2022.10.05"]
[SourceQuality "1"]

1. e4 c5 2. Nc3 Nc6 3. g3 e6 4. Bg2 Nf6 5. d3 d5 6. f3 Be7 7. Qe2 0-0 8. e5 Nd7 9. f4 a6 10. Nf3 Rb8 11. 0-0 Qc7 12. Nd1 Re8 13. c3 d4 14. Nf2 f6 15. exf6 Nxf6 16. c4 Bf8 17. Ne5 Nxe5 18. fxe5 Nd7 19. Bf4 b5 20. cxb5 axb5 21. Rac1 Bb7 22. Be4 Bxe4 23. Qxe4 Qb7 24. Qe2 Nb6 25. b3 Qd5 26. Rc2 Be7 27. Ne4 Rf8 28. Rfc1 Rbc8 29. Nf2 Rc6 30. Rd1 Nd7 31. Re1 Kh8 32. Qh5 Rcc8 33. h4 Rf5 34. Qe2 Bxh4 35. Ne4 Be7 36. Nf2 Rcf8 37. Ng4 g5 38. Bc1 Qf3 39. Kh2 Qxe2+ 40. Rexe2 h5 41. Nf2 Rxe5 42. Kg2 Kg7 43. Ne4 Kg6 44. a4 bxa4 45. bxa4 Ra8 46. Nf2 Rxa4 47. Rxe5 Nxe5 48. Re2 Kf5 49. Re1 Ra2 50. Kf1 Rxf2+ 51. Kxf2 Nxd3+ 0-1

[Event "Moscow op-B"]
[Site "Moscow"]
[Date "2009.02.07"]
[Round "8"]
[White "Yakimov, S Yu"]
[Black "Kuritsin, Vasily M"]
[Result "1-0"]
[WhiteElo "2212"]
[BlackElo "2058"]
[PlyCount "23"]
[EventDate "2009.01.31"]
[EventType "swiss"]
[EventRounds "9"]
[EventCountry "RUS"]
[SourceTitle "EXT 2012"]
[Source "ChessBase"]
[SourceDate "2011.11.24"]
[SourceVersion "1"]
[SourceVersionDate "2011.11.24"]
[SourceQuality "1"]

1. d4 d6 2. Nf3 g6 3. Bf4 Bg7 4. Nc3 f6 5. e4 Nh6 6. h4 Nf7 7. Bc4 e6 8. Qd2 c6 9. 0-0-0 b5 10. Bd3 e5 11. Be3 Qa5 12. Kb1 1-0

[Event "Moscow op-B"]
[Site "Moscow"]
[Date "2009.02.04"]
[Round "5"]
[White "Kuritsin, Vasily M"]
[Black "Gusev, Denis"]
[Result "1-0"]
[WhiteElo "2058"]
[BlackElo "1400"]
[PlyCount "41"]
[EventDate "2009.01.31"]
[EventType "swiss"]
[EventRounds "9"]
[EventCountry "RUS"]
[SourceTitle "EXT 2012"]
[Source "ChessBase"]
[SourceDate "2011.11.24"]
[SourceVersion "1"]
[SourceVersionDate "2011.11.24"]
[SourceQuality "1"]

1. e4 c5 2. Nc3 Nc6 3. g3 e6 4. Bg2 Nf6 5. f4 d5 6. e5 Nd7 7. d3 Be7 8. Nf3 h5 9. h4 g6 10. 0-0 Ndb8 11. Kh2 b5 12. Ne2 b4 13. b3 a5 14. a4 Ba6 15. Be3 Qc7 16. Rc1 Kf8 17. Neg1 Kg7 18. Nh3 Re8 19. Nfg5 Nd8 20. Bf2 c4 21. Be3 1-0

[Event "Moscow op-B"]
[Site "Moscow"]
[Date "2009.02.01"]
[Round "3"]
[White "Kuritsin, Vasily M"]
[Black "Pak, Alexander"]
[Result "1-0"]
[WhiteElo "2058"]
[BlackElo "1649"]
[PlyCount "85"]
[EventDate "2009.01.31"]
[EventType "swiss"]
[EventRounds "9"]
[EventCountry "RUS"]
[SourceTitle "EXT 2012"]
[Source "ChessBase"]
[SourceDate "2011.11.24"]
[SourceVersion "1"]
[SourceVersionDate "2011.11.24"]
[SourceQuality "1"]

1. e4 c5 2. Nc3 Nc6 3. g3 g6 4. Bg2 d6 5. d3 Bg7 6. Be3 e6 7. Qd2 Rb8 8. Nge2 Nd4 9. 0-0 Ne7 10. Rac1 0-0 11. Nd1 Nxe2+ 12. Qxe2 Nc6 13. c3 b5 14. f4 b4 15. e5 Ne7 16. exd6 Qxd6 17. cxb4 cxb4 18. Bxa7 Bd4+ 19. Bxd4 Qxd4+ 20. Nf2 Ba6 21. Rfd1 Nf5 22. Qe5 Rfd8 23. Rd2 Rbc8 24. Re1 Qxe5 25. fxe5 Rc5 26. g4 Ne7 27. d4 Ra5 28. b3 Nd5 29. Bxd5 Raxd5 30. Red1 Ra5 31. Ne4 Kg7 32. g5 h6 33. h4 hxg5 34. hxg5 Bb5 35. Rc1 Rd7 36. Kf2 Kf8 37. Ke3 Ke7 38. Rh2 Raa7 39. Nd6 Ba6 40. Rc6 Bb7 41. Rb6 Bd5 42. Rf2 Rxd6 43. exd6+ 1-0

[Event "Lipetsk King's Gambit 2nd"]
[Site "Lipetsk"]
[Date "2008.07.17"]
[Round "9"]
[White "Kostoglotov, Dmitry"]
[Black "Kuritsin, Vasily M"]
[Result "0-1"]
[WhiteElo "1784"]
[BlackElo "2087"]
[PlyCount "110"]
[EventDate "2008.07.08"]
[EventType "swiss"]
[EventRounds "9"]
[EventCountry "RUS"]
[SourceTitle "EXT 2022"]
[Source "ChessBase"]
[SourceDate "2021.10.06"]
[SourceVersion "1"]
[SourceVersionDate "2021.10.06"]
[SourceQuality "1"]

1. d4 f5 2. c4 g6 3. Nc3 Bg7 4. Nf3 Nf6 5. e3 d6 6. Bd3 e6 7. 0-0 0-0 8. e4 Nc6 9. d5 Nb4 10. exf5 exf5 11. Re1 h6 12. h4 c5 13. a3 Nxd3 14. Qxd3 Bd7 15. Bf4 Ne8 16. Qe3 Kh7 17. Qe7 Qxe7 18. Rxe7 Rd8 19. Rae1 Kg8 20. Bh2 Bf6 21. R7e2 a6 22. Bf4 Kg7 23. Bd2 b5 24. b3 Rb8 25. Rb1 Nc7 26. Ree1 Rb7 27. cxb5 axb5 28. Ne2 Nxd5 29. Nf4 Nc3 30. Bxc3 Bxc3 31. Ne6+ Bxe6 32. Rxe6 Rf6 33. Re8 Rff7 34. Rd1 Rbd7 35. Rc8 Kf6 36. Rd5 Ke6 37. Rd3 Bb2 38. a4 bxa4 39. bxa4 Ra7 40. Rb3 Rfb7 41. Re3+ Kd7 42. Rg8 Rxa4 43. Rxg6 Kc6 44. Ree6 Ra1+ 45. Kh2 Rd1 46. Ne5+ Bxe5+ 47. Rxe5 Rd5 48. f4 c4 49. Rxh6 c3 50. Re1 Rb2 51. Rh8 Rc5 52. Rc8+ Kd5 53. Ra8 c2 54. Raa1 Kc4 55. h5 d5 0-1

[Event "Lipetsk King's Gambit 2nd"]
[Site "Lipetsk"]
[Date "2008.07.14"]
[Round "6"]
[White "Kuritsin, Vasily M"]
[Black "Martov, Vadim"]
[Result "0-1"]
[WhiteElo "2087"]
[BlackElo "2041"]
[PlyCount "128"]
[EventDate "2008.07.08"]
[EventType "swiss"]
[EventRounds "9"]
[EventCountry "RUS"]
[SourceTitle "EXT 2022"]
[Source "ChessBase"]
[SourceDate "2021.10.06"]
[SourceVersion "1"]
[SourceVersionDate "2021.10.06"]
[SourceQuality "1"]

1. e4 c6 2. Nc3 d5 3. Qe2 g6 4. exd5 Bg7 5. dxc6 Nxc6 6. Nd1 Nd4 7. Qc4 Be6 8. Qa4+ Bd7 9. Qc4 Rc8 10. Ne3 Rxc4 11. Bxc4 Nf6 12. c3 Nf5 13. Nc2 0-0 14. Ne2 Ng4 15. d4 e6 16. h3 Nf6 17. 0-0 Ne4 18. Bd3 Ned6 19. Bf4 Re8 20. g4 e5 21. dxe5 Bxe5 22. gxf5 Bxf4 23. Nxf4 Qg5+ 24. Ng2 Bc6 25. f3 Nxf5 26. Bxf5 Qxf5 27. Nd4 Qxh3 28. Kf2 Qh5 29. Rh1 Qc5 30. Ne3 b5 31. Ng4 Kg7 32. Rac1 h5 33. Ne3 Bb7 34. b4 Qe5 35. Rce1 Kf8 36. Rh4 Qg5 37. Rh2 Qf4 38. Rh3 a6 39. Rhh1 Rd8 40. Rh3 Bc8 41. Rhh1 h4 42. Ke2 h3 43. Kf2 Qh4+ 44. Ke2 Qf4 45. Kd3 Qxf3 46. Rhf1 Qh5 47. Rf2 Rd6 48. Ref1 f5 49. Kc2 Kg8 50. Rg1 Kh8 51. Rh1 Bb7 52. Rhh2 Kg8 53. Kb3 Qh4 54. a4 Rxd4 55. cxd4 Qg3 56. axb5 Qxe3+ 57. Kc4 axb5+ 58. Kxb5 Qxd4 59. Rd2 Qe5+ 60. Ka4 Bg2 61. Rhxg2 hxg2 62. Rxg2 Qa1+ 63. Kb3 Qd1+ 64. Kb2 Qd4+ 0-1

[Event "Voronezh op-B"]
[Site "Voronezh"]
[Date "2008.06.15"]
[Round "4"]
[White "Kuritsin, Vasily M"]
[Black "Degtiarev, Viktor"]
[Result "1/2-1/2"]
[WhiteElo "2087"]
[BlackElo "1889"]
[PlyCount "89"]
[EventDate "2008.06.12"]
[EventType "swiss"]
[EventRounds "9"]
[EventCountry "RUS"]
[SourceTitle "CBM 125 Extra"]
[Source "ChessBase"]
[SourceDate "2008.09.01"]
[SourceVersion "1"]
[SourceVersionDate "2008.09.01"]
[SourceQuality "1"]

1. e4 e5 2. Nc3 Nc6 3. g3 Nf6 4. Bg2 a6 5. d3 Bc5 6. Nf3 0-0 7. Qe2 d6 8. h3 h6 9. 0-0 Be6 10. Kh2 Nd7 11. Be3 f5 12. exf5 Bxf5 13. Nh4 Bh7 14. Ne4 Bb6 15. Qg4 d5 16. Qe6+ Kh8 17. Qxd5 g5 18. Qe6 gxh4 19. Bxh6 Bxe4 20. Qg4 Rg8 21. Qxe4 Qf6 22. Be3 Bxe3 23. Qxe3 hxg3+ 24. fxg3 Qg5 25. Rae1 Qxe3 26. Rxe3 Raf8 27. Ref3 Rxf3 28. Bxf3 Rf8 29. Kg2 Kg7 30. Re1 Nd8 31. Bg4 Nf6 32. Rxe5 Nxg4 33. Rg5+ Kh6 34. Rxg4 Ne6 35. Re4 Rf6 36. h4 Kg6 37. g4 Kf7 38. Kg3 c5 39. c3 Rf1 40. b4 Rd1 41. Re3 Rc1 42. Rf3+ Ke7 43. g5 Rxc3 44. bxc5 Rxc5 45. g6 1/2-1/2

[Event "RUS-Cup02"]
[Site "Moscow"]
[Date "1998.??.??"]
[Round "3"]
[White "Bryzgalin, Kirill"]
[Black "Kuritsin, Vasily M"]
[Result "1-0"]
[WhiteElo "2335"]
[BlackElo "2175"]
[PlyCount "45"]
[EventDate "1998.01.21"]
[EventType "swiss"]
[EventRounds "9"]
[EventCountry "RUS"]
[SourceTitle "EXT 1999"]
[Source "ChessBase"]
[SourceDate "1998.11.16"]
[SourceVersion "1"]
[SourceVersionDate "1998.11.16"]
[SourceQuality "1"]

1. e4 d6 2. d4 g6 3. Nc3 Bg7 4. Be2 f6 5. Be3 Nh6 6. Qd2 Nf7 7. 0-0-0 e6 8. h4 h6 9. f4 Nc6 10. Nf3 Ne7 11. g4 c6 12. g5 fxg5 13. hxg5 h5 14. Nh4 Qa5 15. e5 Rg8 16. Bd3 Bf8 17. Ne4 Qxa2 18. c3 Qa1+ 19. Kc2 Qa4+ 20. Kb1 Kd8 21. exd6 Nf5 22. Nxf5 exf5 23. Nc5 1-0

[Event "RUS-Cup02"]
[Site "Moscow"]
[Date "1998.??.??"]
[Round "1"]
[White "Kuritsin, Vasily M"]
[Black "Gelman, Alexander"]
[Result "1/2-1/2"]
[WhiteElo "2175"]
[BlackElo "2440"]
[PlyCount "53"]
[EventDate "1998.01.21"]
[EventType "swiss"]
[EventRounds "9"]
[EventCountry "RUS"]
[SourceTitle "EXT 1999"]
[Source "ChessBase"]
[SourceDate "1998.11.16"]
[SourceVersion "1"]
[SourceVersionDate "1998.11.16"]
[SourceQuality "1"]

1. e4 d6 2. Nc3 g6 3. g3 Bg7 4. Bg2 Nf6 5. d3 e5 6. h3 c6 7. Nge2 0-0 8. 0-0 Na6 9. f4 exf4 10. Bxf4 d5 11. exd5 Nxd5 12. Nxd5 cxd5 13. d4 Bf5 14. c3 Qd7 15. Kh2 Rae8 16. Qd2 Be4 17. Rf2 Nc7 18. Ng1 Nb5 19. Nf3 f6 20. Re1 g5 21. Be3 Nd6 22. Qd1 Rf7 23. Nd2 Rfe7 24. Nxe4 dxe4 25. Rfe2 h6 26. Qb3+ Kh8 27. Qd5 1/2-1/2